00498 2200181 4500001002100000005001500021008004100036020001800077035001900095041000700114082000800121090001400129100002100143245004300164260007300207300002100280650001500301INLIS00000000001357920241224114601241224||||||||| | ||| |||| || |  a979-8026-65-9 0010-1224013579 aid0 a341 a341 BAN a0 aBantarto Bandoro00aASEAN DAN TANTANGAN SATU ASIA TENGGARA aJakartabCentre Of Sterategic and International Studies (CSIS)c1997 a214hlm;17,5x25cm 0ailmu hukum